Srbsko - promarněná šance EU při boji za nezávislost na dovozu plynu z Ruské federace Serbia
Analýza súčasnej situácie na trhu s plynom v Európe. Závislosť Európskej únie na dovoze plynu z Ruskej federácie. Možnosti ako znížiť túto závislosť.
Guardado en:
| Autor principal: | |
|---|---|
| Otros Autores: | |
| Formato: | Capítulo de libro |
| Lenguaje: | checo |
| Materias: | |
| Etiquetas: |
Sin Etiquetas, Sea el primero en etiquetar este registro!
|
MARC
| LEADER | 00000naa a2200000 4500 | ||
|---|---|---|---|
| 001 | 0190088 | ||
| 005 | 20231010070348.0 | ||
| 041 | 0 | |a cze | |
| 044 | |a CZ | ||
| 245 | 1 | 0 | |a Srbsko - promarněná šance EU při boji za nezávislost na dovozu plynu z Ruské federace Serbia |c Vukica Jankovič, Helena Mitwallyová |
| 520 | |a Analýza súčasnej situácie na trhu s plynom v Európe. Závislosť Európskej únie na dovoze plynu z Ruskej federácie. Možnosti ako znížiť túto závislosť. | ||
| 610 | 2 | 0 | |a závislosť energetická |
| 610 | 2 | 0 | |a Srbsko |
| 610 | 2 | 0 | |a Európska únia |
| 610 | 2 | 0 | |a plyn zemný |
| 610 | 2 | 0 | |a Rusko |
| 610 | 2 | 0 | |a politika energetická |
| 100 | 1 | |a Jankovič, Vukica | |
| 700 | 1 | |a Mitwallyová, Helena | |